Chemická termodynamika I Stavové chování a termodynamické vlastnosti reálných tekutin

Saved in:
Bibliographic Details
Main Author: Novák, Josef
Other Authors: Růžička, Květoslav
Format: Book
Language:Czech
Published: Praha Vysoká škola chemicko-technologická 2002
Edition:1. vyd.
Subjects:
Online Access:View in OPAC
Tags: Add Tag
No Tags, Be the first to tag this record!

MARC

LEADER 00000nam a2200000 a 4500
003
005 20260128062310.0
008 051202 2002 xr 000 0 cze d
020 |a 8070805013 
035 |a vtls008413075 
039 9 |a 200512020851  |b mschk03  |y 200512020851  |z mschk03 
040 |a STUSCHK1  |b slo  |c STUSCHK1  |e AACR2 
080 |a 536.7:541.1(075.8) 
100 1 |a Novák, Josef  |9 1225 
245 1 |a Chemická termodynamika I  |b Stavové chování a termodynamické vlastnosti reálných tekutin  |c Růžička Květoslav 
250 |a 1. vyd. 
260 |a Praha  |b Vysoká škola chemicko-technologická  |c 2002 
300 |a 166 s. 
650 0 |a termodynamika chemická  |x učebnice vysokoškolské 
700 1 |a Růžička, Květoslav 
910 |a SCHK95 
919 |a 80-7080-501-3 
999 |c 6  |d 6